New architecture in China / (Record no. 352849)

000 -LEADER
fixed length control field 00644 a2200217 4500
003 - CONTROL NUMBER IDENTIFIER
control field OSt
005 - DATE AND TIME OF LATEST TRANSACTION
control field 20180116192349.0
008 - FIXED-LENGTH DATA ELEMENTS--GENERAL INFORMATION
fixed length control field 120531t xxu||||| |||| 00| 0 eng d
020 ## - INTERNATIONAL STANDARD BOOK NUMBER
International Standard Book Number 1858942993 (hbk.)
020 ## - INTERNATIONAL STANDARD BOOK NUMBER
International Standard Book Number 9781858942995
040 ## - CATALOGING SOURCE
Transcribing agency 0
082 04 - DEWEY DECIMAL CLASSIFICATION NUMBER
Classification number 720.951
100 1# - MAIN ENTRY--PERSONAL NAME
Personal name Chan, Bernard.
9 (RLIN) 3054
245 10 - TITLE STATEMENT
Title New architecture in China /
Statement of responsibility, etc. Bernard Chan.
260 ## - PUBLICATION, DISTRIBUTION, ETC.
Place of publication, distribution, etc. London :
Name of publisher, distributor, etc. Merrell,
Date of publication, distribution, etc. 2005.
300 ## - PHYSICAL DESCRIPTION
Extent 240 p. :
Other physical details ill. ;
Dimensions 28 cm.
500 ## - GENERAL NOTE
General note Includes index.
650 10 - SUBJECT ADDED ENTRY--TOPICAL TERM
Topical term or geographic name entry element Architecture
Geographic subdivision China
Chronological subdivision 21st century.
9 (RLIN) 3055
942 ## - ADDED ENTRY ELEMENTS (KOHA)
Institution code [OBSOLETE] SADA
Koha item type Book
Call number prefix 720.951 CHA 2005
Source of classification or shelving scheme
Holdings
Withdrawn status Lost status Source of classification or shelving scheme Damaged status Not for loan Permanent Location Current Location Date acquired Total Checkouts Full call number Barcode Date last seen Date last checked out Cost, replacement price Price effective from Koha item type
          School of Art Design and Architecture (SADA) School of Art Design and Architecture (SADA) 04/14/2011 1 720.951 CHA 2005 SADA0000893 10/25/2013 10/10/2013 3070.00 08/05/2011 Book
© 2023 Central Library, National University of Sciences and Technology. All Rights Reserved.